000 00427nam a22001697a 4500
005 20221215122826.0
008 221215b |||||||| |||| 00| 0 eng d
020 _a978-93-5495-617-1
041 _aeng
082 _a658.87-NAI-R
100 _aNAIR , Dr. SUJA .R
_97339
245 _aRETAIL MANAGEMENT TEXT &CASES
250 _a2nd ed.
260 _aMUMBAI
_bHIMALAYA PUBLISING HOUSE
_c2022
300 _a548;P.
942 _cBK
999 _c8039
_d8037